Trial balance private sector financing for road projects in India /

Bibliographic Details
Corporate Author: Asian Development Bank, (Author)
Format: eBook
Language:English
Published: Metro Manila, Philippines : Asian Development Bank, 2015.
Subjects:
Online Access:Click to View
LEADER 01722nam a2200409 i 4500
001 EBC4453776
003 MiAaPQ
005 20200520144314.0
006 m o d |
007 cr cnu||||||||
008 160624t20152015ph a o 000 0 eng d
020 |z 9789292549190 
020 |a 9789292549206 (e-book) 
035 |a (MiAaPQ)EBC4453776 
035 |a (Au-PeEL)EBL4453776 
035 |a (CaPaEBR)ebr11175999 
035 |a (CaONFJC)MIL897245 
035 |a (OCoLC)939865935 
040 |a MiAaPQ  |b eng  |e rda  |e pn  |c MiAaPQ  |d MiAaPQ 
043 |a a-ii--- 
050 4 |a HE271  |b .A853 2015 
082 0 |a 380.50954  |2 23 
110 2 |a Asian Development Bank,  |e author. 
245 1 0 |a Trial balance private sector financing for road projects in India /  |c Asian Development Bank. 
264 1 |a Metro Manila, Philippines :  |b Asian Development Bank,  |c 2015. 
264 4 |c 2015 
300 |a 1 online resource (55 pages) :  |b color illustrations 
336 |a text  |2 rdacontent 
337 |a computer  |2 rdamedia 
338 |a online resource  |2 rdacarrier 
588 |a Description based on online resource; title from PDF title page (ebrary, viewed June 22, 2016). 
590 |a Electronic reproduction. Ann Arbor, MI : ProQuest, 2016. Available via World Wide Web. Access may be limited to ProQuest affiliated libraries. 
650 0 |a Transportation  |z India. 
655 4 |a Electronic books. 
776 0 8 |i Print version:  |a Asian Development Bank.  |t Trial balance private sector financing for road projects in India.  |d Metro Manila, Philippines : Asian Development Bank, c2015   |h 47 pages   |z 9789292549190 
797 2 |a ProQuest (Firm) 
856 4 0 |u https://ebookcentral.proquest.com/lib/matrademy/detail.action?docID=4453776  |z Click to View